Online
Catalog

Como trabajar con grupos de adolescentes / (Record no. 25204)

MARC details
000 -CABECERA
campo de control de longitud fija 00793cam a2200217 a 4500
001 - NÚMERO DE CONTROL
campo de control 000025712
005 - FECHA Y HORA DE LA ÚLTIMA TRANSACCIÓN
campo de control 20200930024006.0
008 - DATOS DE LONGITUD FIJA--INFORMACIÓN GENERAL
campo de control de longitud fija 760831s1971 mx 000 | spa d
041 17 - CÓDIGO DE LENGUA
Código de lengua del texto/banda sonora o título independiente spa
Código de lengua original eng
082 ## - NÚMERO DE LA CLASIFICACIÓN DECIMAL DEWEY
Número de clasificación xxxx
Número de documento/Ítem R643c
040 ## - FUENTE DE LA CATALOGACIÓN
Centro catalogador/agencia de origen DO-SdBNP
100 1# - ENTRADA PRINCIPAL--NOMBRE DE PERSONA
Nombre de persona Roberts, Dorothy M.,
9 (RLIN) 52479
245 10 - MENCIÓN DE TÍTULO
Título Como trabajar con grupos de adolescentes /
Mención de responsabilidad, etc. Dorothy M. Roberts ; traductor René Cárdenas Barrios.
260 ## - PUBLICACIÓN, DISTRIBUCIÓN, ETC.
Lugar de publicación, distribución, etc. México :
Nombre del editor, distribuidor, etc. Diana,
Fecha de publicación, distribución, etc. 1971.
300 ## - DESCRIPCIÓN FÍSICA
Extensión 78 p. ;
Dimensiones 18 cm.
490 1# - MENCIÓN DE SERIE
Mención de serie Biblioteca para el director de grupos
Designación de volumen o secuencia 5
534 ## - NOTA SOBRE LA VERSIÓN ORIGINAL
Encabezamiento principal del original Título original :
Mención de título del original How to work with teen-age groups
500 ## - NOTA GENERAL
Nota general Incluye referencias bibliográficas y notas al pie de páginas
700 1# - PUNTO DE ACCESO ADICIONAL--NOMBRE DE PERSONA
Nombre de persona Cárdenas Barrios, René,
Término indicativo de función/relación tr.
9 (RLIN) 12537
830 #0 - PUNTO DE ACCESO ADICIONAL DE SERIE-TÍTULO UNIFORME
Título uniforme Biblioteca para el director de grupos
Número de parte o sección de la obra 5
9 (RLIN) 52480
Holdings
Estado de retiro Estado de pérdida Restricciones de uso No para préstamo Código de colección Localización permanente Ubicación/localización actual Ubicación en estantería Fecha de adquisición Número de inventario Total de préstamos Signatura topográfica completa Código de barras Fecha visto por última vez Precio válido a partir de Tipo de ítem Koha Número de copia
      Excluido de préstamo Monografías: Libros y Folletos General General Depósito 21.02.2011 LF1   xxxx R643c 25712-10 25.06.2020 25.06.2020 No se presta  
  Extraviado   Excluido de préstamo Monografías: Libros y Folletos General General Extraviado 24.02.2011 LF1   xxxx R643c 25712-20 25.06.2020 25.06.2020 No se presta e. 2
  Extraviado     Monografías: Libros y Folletos General General Extraviado 02.06.2017 LF1   xxxx R643c 25712-30 25.06.2020 25.06.2020 Préstamo en sala e. 3

Powered by Koha